| 000 | 00423nam a22001217a 4500 | ||
|---|---|---|---|
| 005 | 20260629105133.0 | ||
| 100 |
_aMohsin Ali _a21MECE-10 _aSupervisor - Dr Mahboob Oad _91010 |
||
| 245 | _aEffect of Steel Fiber and Polyproplene Fiber on Strength Properties of Recycled Aggregate Concrete (Thesis ME) | ||
| 260 |
_aNawabshah _bQUEST _c2025 |
||
| 300 | _a80p. | ||
| 700 |
_aDepartment of Civil Engineering _91009 |
||
| 942 | _cTHESIS | ||
| 999 |
_c69069 _d69066 |
||